Inovačný potenciál dopravného sektora na príklade Západného Pomoranska v Poľsku

Potreba inovácií v Západnom Pomoransku. Podpora EÚ k vytváraniu clusterov. Programy realizované na regionálny rozvoj. Zameranie sa na prioritu rozvojového programu "Regionálna inovačná stratégia a transfer poznatkov. Zvýšenie inovačného potenciálu pomocou silných stránok spojenia medzi výskumným odv...

ver descrição completa

Na minha lista:
Detalhes bibliográficos
Autor principal: Skweres-Kuchta, Małgorzata
Outros Autores: Gašparík, Jozef
Formato: Capítulo de Livro
Idioma:eslovaco
Assuntos:
Tags: Adicionar Tag
Sem tags, seja o primeiro a adicionar uma tag!

MARC

LEADER 00000naa$a2200000$$$4500
001 0070625
005 20231121095526.0
041 0 |a slo 
044 |a SK 
245 1 0 |a Inovačný potenciál dopravného sektora na príklade Západného Pomoranska v Poľsku  |c Małgorzata Skweres-Kuchta, Jozef Gašparík 
520 |a Potreba inovácií v Západnom Pomoransku. Podpora EÚ k vytváraniu clusterov. Programy realizované na regionálny rozvoj. Zameranie sa na prioritu rozvojového programu "Regionálna inovačná stratégia a transfer poznatkov. Zvýšenie inovačného potenciálu pomocou silných stránok spojenia medzi výskumným odvetvím a hospodárstvom. 
610 2 0 |a doprava 
610 2 0 |a inovácia 
610 2 0 |a projekty 
610 2 0 |a Európska únia 
610 2 0 |a podnik 
100 1 |a Skweres-Kuchta, Małgorzata 
700 1 |a Gašparík, Jozef